Naj... Wisła Kraków - Statystyki

Ogólne statystyki
  • Ten quiz został rozwiązany 99 razy
  • Średni wynik to 4 z 13
Statystyki odpowiedzi
Pytanie Rywal Informacje Odpowiedź % Poprawnych
Najwięcej Spotkań ----- 460 spotkań Arkadiusz Głowacki
62%
Najlepszy strzelec w jednym sezonie(liga) ------ 37 goli Henryk Reyman
61%
Najlepszy Strzelec ----- 181 goli Kazimierz Kmiecik
55%
Najwyższa porażka Legia Warszawa Warszawa 19 sierpnia 1956 r. 0:12
36%
Najlepsza seria meczów bez porażki w lidze ------ 25 października 2003-22 maja 2005 38
36%
Najlepsza seria bez porażki u siebie ------ 16 września 2001-11 listopada 2006 73
29%
Najwyższa porażka w europejskich pucharach HSV Hamburg/ FC Barcelona Hamburg 29 listopada 1967 r. / Barcelona 13 sierpnia 2008 r. 0:4
28%
Najwyższe zwycięstwo Pogoń Siedlce Kraków 24 sierpnia 1947 r. 21:0
28%
Najwyższe zwycięstwo w europejskich pucharach u siebie Newtown AFC Kraków 29 lipca 1998 r 7:0
25%
Najwyższa frekwencja w lidze Legia Warszawa Kraków 7 sierpnia 1977 r. 40000
24%
Najwyższa frekwencja ogółem Celtic Glasgow Kraków 29 września 1976 r. 45000
21%
Najwyższe zwycięstwo w europejskich pucharach na wyjeździe WIT Georgia Tbilisi Tbilisi 27 lipca 2004 r. 8:2
21%
Debiut w pierwszych oficjalnych rozgrywkach ligowych Jutrzenka Kraków Wynik 4:0 dla Wisły 3 kwietnia 1927
2%
Nie znaleziono quizów pasujących do podanych kryteriów
Rozkład punktacji
Procent ludzi z każdym wynikiem
Percentyl według liczby udzielonych odpowiedzi
Twoja historia wyników
Nie rozwiązałeś tego quizu